| 000 | 01459nam a22003497a 4500 | ||
|---|---|---|---|
| 003 | CHAP | ||
| 005 | 20220329134911.0 | ||
| 008 | 971013s1984 r 00010 d | ||
| 010 | _a27760 | ||
| 011 | _a28732 | ||
| 035 | _a32839 | ||
| 040 | _cCHAP | ||
| 082 |
_a339.38 _bI57 |
||
| 110 |
_aInstituto Nacional de Estadística, Geografía e Informática. México _959304 |
||
| 245 | _aCuentas Nacionales | ||
| 260 |
_aMéxico, D.F. : _bEl Instituto, _c1984- |
||
| 300 |
_av. _b: ilus |
||
| 490 |
_aLecturas _v; IV |
||
| 500 | _aLa biblioteca tiene: v.1 Antecedentes y bases teóricas del Sistema de Naciones unidas v.2 Aspectos técnicos del Sistema de Cuenta, Naciones y comparabilidad con el sistema deproducto material | ||
| 590 |
_aBATCH-UPD _b10 _c20130110 _lUCH01 _h1918 |
||
| 590 |
_aCONVERSION _b10 _c20130109 _lUCH01 _h1316 |
||
| 650 | 1 | 4 |
_aIngresos _xContabilidad. _958368 |
| 830 | 0 |
_aLecturas _v; IV _965503 |
|
| 901 | _aBK | ||
| 942 | _cLIBRO | ||
| 949 |
_a339.38 I57 _bBC _cINEGI _d-76515 _eINEGI _h65018 _i32839 _si |
||
| 949 |
_a339.38 I57 _bBC _cINEGI _d33724000380051 _eINEGI _fv.1 _h65018 _i32839 _mD _si |
||
| 949 |
_a339.38 I57 _bBC _cINEGI _d33724000380069 _eINEGI _fv.2 _h69470 _i32839 _si |
||
| 949 |
_a339.38 I57 _bBC _cINEGI _d33724000380077 _eINEGI _fv.2 c.2 _h78950 _i32839 _si |
||
| 949 |
_a339.38 I57 _bBC _cINEGI _d33724000380085 _eINEGI _fv.1 c.2 _h65280 _i32839 _mD _si |
||
| 949 |
_a339.38 I57 _bBC _cINEGI _d33724000614723 _eINEGI _fv.1 c.3 _h78948 _i32839 _mD _si |
||
| 999 |
_c27760 _d27760 |
||